Catholic University of Zimbabwe Library
Online Public Access Catalogue
(OPAC)

Hippocrates Now (Record no. 33233)

MARC details
000 -LEADER
fixed length control field 02140nam a22003497a 4500
001 - CONTROL NUMBER
control field 102503
003 - CONTROL NUMBER IDENTIFIER
control field KnowledgeUnlatched
005 - DATE AND TIME OF LATEST TRANSACTION
control field 20210303105013.0
006 - FIXED-LENGTH DATA ELEMENTS--ADDITIONAL MATERIAL CHARACTERISTICS
fixed length control field m o d
007 - PHYSICAL DESCRIPTION FIXED FIELD--GENERAL INFORMATION
fixed length control field cr u||||||||||
008 - FIXED-LENGTH DATA ELEMENTS--GENERAL INFORMATION
fixed length control field 210129p20192019enk o u00| u eng d
037 ## - SOURCE OF ACQUISITION
Institution to which field applies BiblioBoard
020 ## - INTERNATIONAL STANDARD BOOK NUMBER
International Standard Book Number 9781350005914
029 1# - OTHER SYSTEM CONTROL NUMBER (OCLC)
OCLC library identifier https://library.biblioboard.com/ext/api/media/5d8cb19c-c4b7-47eb-a619-16f3c5dfc5dc/assets/thumbnail.jpg
040 ## - CATALOGING SOURCE
Original cataloging agency ScCtBLL
Transcribing agency ScCtBLL
100 1# - MAIN ENTRY--PERSONAL NAME
Personal name King, Helen
Relator term author.
245 00 - TITLE STATEMENT
Title Hippocrates Now
Remainder of title The 'Father of Medicine' in the Internet Age /
Statement of responsibility, etc. Helen King.
264 #1 - PRODUCTION, PUBLICATION, DISTRIBUTION, MANUFACTURE, AND COPYRIGHT NOTICE
Name of producer, publisher, distributor, manufacturer Bloomsbury Academic,
300 ## - PHYSICAL DESCRIPTION
Extent 1 online resource (1 p.)
506 0# - RESTRICTIONS ON ACCESS NOTE
Terms governing access Access copy available to the general public.
Standardized terminology for access restriction Unrestricted
Source of term star
520 ## - SUMMARY, ETC.
Summary, etc. This book challenges widespread assumptions about Hippocrates (and, in the process, about ancient Greek medicine) and will also explore the creation of modern myths about the ancient world. Through the lens of reception studies Helen King considers what 'Hippocrates' means today. He features powerfully in our assumptions about ancient medicine, and our beliefs about what medicine - and the physician himself - should be. In ethics, as well as in actual treatments recommended by both orthodox and alternative medicine, 'Hippocrates' still features as a model to be emulated. Why do we continue to use him in this way, and how are new myths constructed around his name? And what can this tell us about popular engagements with the classical world today?
588 0# - SOURCE OF DESCRIPTION NOTE
Source of description note Description based on print version record.
590 ## - LOCAL NOTE (RLIN)
Local note KU Select 2018: HSS Frontlist Books
650 #7 - SUBJECT ADDED ENTRY--TOPICAL TERM
Topical term or geographic name entry element Medical / History
Source of heading or term bisacsh
650 #0 - SUBJECT ADDED ENTRY--TOPICAL TERM
Topical term or geographic name entry element Medicine
655 #0 - INDEX TERM--GENRE/FORM
Genre/form data or focus term Electronic books.
758 ## -
-- Is found in:
-- Knowledge Unlatched
-- https://openresearchlibrary.org/module/2774bc74-146a-484f-a7ba-ab1d6a09bbfb
856 40 - ELECTRONIC LOCATION AND ACCESS
Uniform Resource Identifier <a href="https://openresearchlibrary.org/content/5d8cb19c-c4b7-47eb-a619-16f3c5dfc5dc">https://openresearchlibrary.org/content/5d8cb19c-c4b7-47eb-a619-16f3c5dfc5dc</a>
Public note View this content on Open Research Library.
-- 0
Holdings
Withdrawn status Lost status Source of classification or shelving scheme Damaged status Not for loan Home library Current library Shelving location Date acquired Total Checkouts Date last seen Uniform Resource Identifier Price effective from Koha item type
          Digital Library Digital Library Online Access 03.03.2021   03.03.2021 https://openresearchlibrary.org/content/5d8cb19c-c4b7-47eb-a619-16f3c5dfc5dc 03.03.2021 eBook

OPENING HOURS

Weekdays: 0815hrs - 1800hrs
Weekends:0900hrs - 1200hrs

Closed for Mass:

Mon, Thur: 1200hrs - 1300hrs
Sunday & Public Holiday’s

CALL SUPPORT

0242-570570, 0242-570169
09200664, +263 8644140602

LOCATION

18443, Cranborne Avenue, Hatfield, Harare

Other Links


©2021 | CUZ Library